Railway stations in Wales - Statistics

General Stats
  • This quiz has been taken 148 times
  • The average score is 98 of 223
Answer Stats
Answer % Correct
Cardiff Central
94%
Aber
88%
Swansea
88%
Newport
87%
Bangor
82%
Holyhead
79%
Port Talbot Parkway
79%
Llandudno
78%
Neath
78%
Rhyl
78%
Aberystwyth
77%
Bridgend
77%
Conwy
77%
Merthyr Tydfil
77%
Cardiff Queen Street
75%
Carmarthen
75%
Barry
74%
Pembroke
74%
Abergavenny
73%
Cardiff Bay
71%
Llandudno Junction
71%
Maesteg
71%
Porth
71%
Prestatyn
70%
Flint
69%
Pontypridd
69%
Chepstow
68%
Llanelli
68%
Llanfairpwllgwyngyllgogerychwyrndrobwllllantysiliogogogoch
66%
Pembroke Dock
66%
Colwyn Bay
65%
Coryton
65%
Milford Haven
65%
Pontypool & New Inn
64%
Rhymney
64%
Wrexham General
64%
Barmouth
62%
Haverfordwest
62%
Newtown
62%
Pwllheli
62%
Tenby
62%
Welshpool
62%
Wrexham Central
62%
Aberdare
61%
Caerphilly
61%
Chirk
61%
Porthmadog
61%
Barry Island
60%
Cwmbran
60%
Blaenau Ffestiniog
57%
Llandrindod
57%
Penarth
57%
Caldicot
56%
Machynlleth
56%
Abergele & Pensarn
55%
Ebbw Vale Town
55%
Harlech
55%
Severn Tunnel Junction
55%
Ammanford
53%
Shotton
53%
Briton Ferry
52%
Fishguard Harbour
52%
Llantwit Major
52%
Rhoose Cardiff International Airport
52%
Ebbw Vale Parkway
51%
Llandovery
51%
Barry Docks
49%
Cathays
49%
Dovey Junction
49%
Fishguard & Goodwick
49%
Kidwelly
49%
Llandaf
49%
Pyle
49%
Risca & Pontymister
49%
Bargoed
48%
Radyr
48%
Skewen
48%
Trefforest
48%
Ystrad Mynach
48%
Borth
47%
Cadoxton
47%
Llanfairfechan
47%
Llansamlet
47%
Penmaenmawr
47%
Ruabon
47%
Treherbert
47%
Valley
47%
Manorbier
45%
Ninian Park
45%
Pencoed
45%
Saundersfoot
45%
Sugar Loaf
45%
Taffs Well
45%
Whitchurch
45%
Whitland
45%
Builth Road
44%
Caersws
44%
Llandeilo
44%
Pembrey & Burry Port
44%
Tonypandy
44%
Betws-y-coed
43%
Deganwy
43%
Ferryside
43%
Garth
43%
Narberth
43%
Tywyn
43%
Dinas Powys
42%
Gowerton
42%
Heath Low Level
42%
Newbridge
42%
Baglan
40%
Buckley
40%
Clarbeston Road
40%
Heath High Level
40%
Mountain Ash
40%
Pontyclun
40%
Treorchy
40%
Abercynon
39%
Clunderwen
39%
Fairbourne
39%
Grangetown
39%
Hope
39%
Llanrwst
39%
Penrhyndeudraeth
39%
Rhiwbina
39%
Trefforest Estate
39%
Aberdovey
38%
Criccieth
38%
Hawarden
38%
Johnston
38%
Lisvane & Thornhill
38%
Llanharan
38%
Ystrad Rhondda
38%
Knucklas
36%
Merthyr Vale
36%
Pontlottyn
36%
Rogerstone
36%
Birchgrove
35%
Llanwrtyd
35%
Bow Street
34%
Cogan
34%
Crosskeys
34%
Lamphey
34%
Llanbister Road
34%
Morfa Mawddach
34%
Tondu
34%
Dingle Road
32%
Kilgetty
32%
Llanbradach
32%
Maesteg (Ewenny Road)
32%
Penally
32%
Pye Corner
32%
Roman Bridge
32%
Caergwrle
31%
Cilmeri
31%
Cynghordy
31%
Dinas Rhondda
31%
Hawarden Bridge
31%
Hengoed
31%
Llanhilleth
31%
Pen-y-bont
31%
Pontarddulais
31%
Sarn
31%
Ty Glas
31%
Brithdir
30%
Bynea
30%
Dolau
30%
Fairwater
30%
Gwersyllt
30%
Llangammarch
30%
Llangennech
30%
Minffordd
30%
Pengam
30%
Ton Pentre
30%
Dyffryn Ardudwy
29%
Glan Conwy
29%
Rhosneigr
29%
Talybont
29%
Ty Croes
29%
Abererch
27%
Danescourt
27%
Energlyn & Churchill Park
27%
Llangadog
27%
Llwyngwril
27%
North Llanrwst
27%
Penyffordd
27%
Bodorgan
26%
Dolwyddelan
26%
Llanaber
26%
Llanbedr
26%
Llandybie
26%
Llanishen
26%
Llwynypia
26%
Quakers Yard
26%
Tir-Phil
26%
Waun-gron Park
26%
Eastbrook
25%
Llangynllo
25%
Pentre-bach
25%
Penychain
25%
Wildmill
25%
Cefn-y-bedd
23%
Dolgarrog
23%
Ffairfach
23%
Gilfach Fargoed
23%
Llandecwyn
23%
Penrhiwceiber
23%
Trehafod
23%
Ynyswen
23%
Llanwrda
22%
Pantyffynnon
22%
Talsarnau
22%
Troed-y-rhiw
22%
Penhelig
21%
Pensarn
21%
Tal-y-cafn
21%
Tygwyn
21%
Cwmbach
19%
Fernhill
19%
Pont-y-pant
18%
Llandanwg
16%
Tonfanau
16%
No matching quizzes found
Score Distribution
Percent of People with Each Score
Percentile by Number Answered
Your Score History
You have not taken this quiz